Schaum`s Outline of Theory & Problems of Managerial Accounting (Record no. 2684)

MARC details
000 -LEADER
fixed length control field 00470nam a2200181Ia 4500
008 - FIXED-LENGTH DATA ELEMENTS--GENERAL INFORMATION
fixed length control field 221030s9999 xx 000 0 und d
020 ## - INTERNATIONAL STANDARD BOOK NUMBER
ISBN 0070589445
041 ## - LANGUAGE CODE
Language code of text/sound track or separate title
082 ## - DEWEY DECIMAL CLASSIFICATION NUMBER
Classification number 105.23
Item number Shi
100 ## - MAIN ENTRY--AUTHOR NAME
Personal name J. K. Shim
245 #0 - TITLE STATEMENT
Title Schaum`s Outline of Theory & Problems of Managerial Accounting
Statement of responsibility, etc by J. K. Shim, J.G. Siegel
250 ## - EDITION STATEMENT
Edition statement 2nd
260 ## - PUBLICATION, DISTRIBUTION, ETC. (IMPRINT)
Name of publisher TMH
Place of publication Delhi
Year of publication 2004
300 ## - PHYSICAL DESCRIPTION
Number of Pages 360
650 ## - SUBJECT ADDED ENTRY--TOPICAL TERM
Topical Term MCA Management
700 ## - ADDED ENTRY--PERSONAL NAME
Personal name J.G. Siegel
942 ## - ADDED ENTRY ELEMENTS (KOHA)
Koha item type Books
Holdings
Accession Number Cost, normal purchase price Full call number Price effective from Koha item type Withdrawn / writtenoff status Materials specified (bound volume or other part) Damaged status Not for loan Permanent Location Current Location Shelving location Date acquired Lost/ Missing status department
M 1206 225.00 105.23 Shi 10/30/2022 Books   Print     MIET Library, Jammu MIET Library, Jammu BL-Academic Block- B, FL-2, CUP-171, SH-5, R-5 11/13/2006   MCA